[Event "Aktiv-Alliancen 2001"]
[Site "Taastrup"]
[Date "2001.01.27"]
[Round "4"]
[White "Nielsen, John Holm"]
[Black "Lund, Silas"]
[Result "0-1"]
[WhiteElo "1947"]
[BlackElo "2261"]
[PlyCount "88"]
[EventDate "2001.??.??"]

1. Nc3 d5 2. e4 Nf6 3. e5 Nfd7 4. d4 c5 5. f4 cxd4 6. Qxd4 e6 7. Be3 Nc6 8. Qd2
Bb4 9. Nge2 O-O 10. Nd4 Nc5 11. Nxc6 bxc6 12. Bxc5 Bxc5 13. Na4 Be7 14. Bd3 c5
15. O-O Bd7 16. Nc3 Bc6 17. Kh1 Rb8 18. Rab1 f6 19. Qe1 c4 20. Be2 fxe5 21.
fxe5 Rxf1+ 22. Bxf1 d4 23. Bxc4 dxc3 24. Bxe6+ Kh8 25. Qxc3 Ba8 26. Bg4 Qd5 27.
Bf3 Qxa2 28. Rd1 Bxf3 29. gxf3 Qe6 30. b3 Rc8 31. Qd3 Qxe5 32. c4 h6 33. Qc2
Bd6 34. Rd5 Qe1+ 35. Kg2 Re8 36. Rd2 Bf4 37. Rf2 Re5 38. h4 Be3 39. f4 Qxf2+
40. Qxf2 Bxf2 41. fxe5 Bxh4 42. b4 Kg8 43. c5 Kf7 44. b5 Bd8 0-1

[Event "Aktiv-Alliancen 2001"]
[Site "Taastrup"]
[Date "2001.01.27"]
[Round "4"]
[White "Nilsson, Nils Specht"]
[Black "Auchenberg, Per"]
[Result "1-0"]
[WhiteElo "2214"]
[BlackElo "1834"]
[PlyCount "113"]
[EventDate "2001.??.??"]

1. d4 c5 2. d5 e5 3. e4 d6 4. f3 Be7 5. Be3 Nf6 6. Bb5+ Nbd7 7. a4 a6 8. Bxd7+
Bxd7 9. a5 b5 10. axb6 Qxb6 11. b3 O-O 12. Ne2 a5 13. Nbc3 Qc7 14. Na4 Rfb8 15.
Nb2 Bb5 16. c4 Be8 17. O-O Rb7 18. Bd2 Qb8 19. Ra3 Rba7 20. Nc3 Bd8 21. Qc2 Bd7
22. Rfa1 Ne8 23. Ne2 h6 24. Nd3 Bb6 25. f4 exf4 26. Ndxf4 Bd8 27. Ng3 Nf6 28.
R1a2 Ng4 29. h3 Ne5 30. Nd3 f6 31. Nf5 Bxf5 32. exf5 Qc8 33. Nf4 Qd7 34. Ne6
Bb6 35. Bf4 Nf7 36. h4 Kh7 37. Qd1 Kg8 38. Qg4 Ne5 39. Bxe5 dxe5 40. Qd1 Qd6
41. Re2 Rd7 42. Qc2 e4 43. Qxe4 Re8 44. Qf3 Rde7 45. Raa2 Ba7 46. Rxa5 Bb8 47.
g4 Qb6 48. Rb5 Qa7 49. Kg2 Bd6 50. Qf1 Qa3 51. Rb6 Be5 52. g5 hxg5 53. hxg5 Ra8
54. g6 Qa1 55. Qxa1 Rxa1 56. d6 Rea7 57. Kf3 1-0

[Event "Aktiv-Alliancen 2001"]
[Site "Taastrup"]
[Date "2001.01.27"]
[Round "4"]
[White "Pallesen, Jacob"]
[Black "Nielsen, Borge Hjerrild"]
[Result "1/2-1/2"]
[WhiteElo "2108"]
[BlackElo "2125"]
[PlyCount "29"]
[EventDate "2001.??.??"]

1. d4 d5 2. Bg5 Nf6 3. Bxf6 gxf6 4. Nf3 c6 5. e3 Bg4 6. c4 Qb6 7. Qc2 Nd7 8.
Nc3 e6 9. c5 Qc7 10. Be2 Be7 11. b4 O-O 12. Bd3 Bxf3 13. gxf3 Kh8 14. O-O-O f5
15. f4 1/2-1/2

[Event "Aktiv-Alliancen 2001"]
[Site "Taastrup"]
[Date "2001.01.27"]
[Round "4"]
[White "Simonsen, Per"]
[Black "Theander, Stig"]
[Result "0-1"]
[WhiteElo "1852"]
[BlackElo "1564"]
[PlyCount "78"]
[EventDate "2001.??.??"]

1. d4 Nf6 2. c4 c5 3. d5 b5 4. cxb5 a6 5. bxa6 Bxa6 6. Nc3 d6 7. e4 Bxf1 8.
Kxf1 g6 9. g3 Bg7 10. Kg2 O-O 11. h3 Nfd7 12. f4 Nb6 13. Nf3 N8d7 14. Re1 Qb8
15. g4 Ra5 16. Re2 Qc7 17. Qc2 Rfa8 18. b3 Qb7 19. a4 c4 20. b4 Bxc3 21. Qxc3
Nxa4 22. Qxc4 Nab6 23. Qd4 Rxa1 24. Bb2 f6 25. Bxa1 Qa6 26. Re1 Qa2+ 27. Qf2
Qc4 28. Nd2 Qxb4 29. Rb1 Qa5 30. Bd4 Nc5 31. Nb3 Qb5 32. Nd2 Qa5 33. Ra1 Qb5
34. Rb1 Qa5 35. Qe2 Qa6 36. Qe3 Nc4 37. Nxc4 Qxc4 38. Rb2 Ra4 39. Bxc5 dxc5 0-1

[Event "Aktiv-Alliancen 2001"]
[Site "Taastrup"]
[Date "2001.01.27"]
[Round "4"]
[White "Petersen, Nils"]
[Black "Moller, Arne Vagn"]
[Result "1/2-1/2"]
[WhiteElo "2039"]
[BlackElo "2026"]
[PlyCount "68"]
[EventDate "2001.??.??"]

1. c4 Nf6 2. Nc3 d5 3. e3 c6 4. Nf3 g6 5. d4 Bg7 6. Bd3 O-O 7. O-O Nbd7 8. b3
Re8 9. cxd5 Nxd5 10. Nxd5 cxd5 11. Bb2 Nf8 12. e4 e6 13. Qd2 Bd7 14. exd5 exd5
15. Ne5 Ne6 16. Nxd7 Qxd7 17. Be2 Bxd4 18. Bxd4 Nxd4 19. Qxd4 Rxe2 20. Rfd1
Rae8 21. Qxa7 d4 22. Rf1 d3 23. Qa5 R8e5 24. Qc3 Rd5 25. Rfd1 Qf5 26. Rf1 Rc5
27. Qd4 d2 28. Rad1 Rd5 29. Qc3 Rc5 30. Qd4 Rd5 31. Qc4 Qe5 32. Qc2 Rc5 33. Qd3
Rd5 34. Qg3 Qxg3 1/2-1/2

[Event "Aktiv-Alliancen 2001"]
[Site "Taastrup"]
[Date "2001.01.27"]
[Round "4"]
[White "Foslund, Peter"]
[Black "Karlsen, Arne"]
[Result "0-1"]
[WhiteElo "1649"]
[BlackElo "2017"]
[PlyCount "88"]
[EventDate "2001.??.??"]

1. c4 c6 2. Nf3 d5 3. cxd5 cxd5 4. d4 Nf6 5. Nc3 Nc6 6. g3 Bf5 7. a3 e6 8. Bg2
Be7 9. e3 O-O 10. O-O a6 11. b4 b5 12. Nh4 Bg4 13. f3 Bh5 14. g4 Bg6 15. Nxg6
hxg6 16. Bd2 e5 17. Ne2 Re8 18. Rc1 Qb6 19. Be1 e4 20. h3 exf3 21. Bxf3 Bd6 22.
Bf2 Rad8 23. Nc3 Bb8 24. Ne2 Ne4 25. Bxe4 Rxe4 26. Qc2 Rc8 27. Qc5 Qd8 28. Qc2
Qg5 29. Bg3 Qxe3+ 30. Kg2 Qxe2+ 31. Rf2 Qxc2 32. Rfxc2 Bxg3 33. Kxg3 Re3+ 34.
Kg2 Rxa3 35. Rxc6 Rxc6 36. Rxc6 Kf8 37. Rd6 Ra4 38. Rxd5 Rxb4 39. Rd6 a5 40.
Ra6 a4 41. d5 Ke7 42. Ra7+ Kd6 43. Rxf7 a3 44. Ra7 Ra4 0-1

[Event "Aktiv-Alliancen 2001"]
[Site "Taastrup"]
[Date "2001.01.27"]
[Round "4"]
[White "Schmidt, Horst Hubert"]
[Black "Jensen, Dan Bronnum"]
[Result "1-0"]
[WhiteElo "2025"]
[BlackElo "1364"]
[PlyCount "77"]
[EventDate "2001.??.??"]

1. d4 e5 2. dxe5 Qe7 3. Nf3 Nc6 4. Bg5 Qb4+ 5. Bd2 Qxb2 6. Nc3 Nb4 7. Nd4 Nc6
8. Rb1 Qa3 9. Ncb5 Qxa2 10. Nxc7+ Kd8 11. Nxc6+ Kxc7 12. Nb4 Qe6 13. Nd3 Kd8
14. g3 Ne7 15. Bg2 Nc6 16. Bxc6 Qxc6 17. O-O Be7 18. e3 d6 19. Bb4 Bh3 20. Nf4
Bxf1 21. exd6 Bg5 22. Qxf1 Bxf4 23. exf4 Qd7 24. c4 Re8 25. c5 Re6 26. Ba5+ Ke8
27. Bc7 Kf8 28. Qd3 g6 29. Qc3 Kg8 30. Rxb7 Rae8 31. c6 Re1+ 32. Kg2 Qe6 33.
Qf3 Qc4 34. Kh3 Qf1+ 35. Qg2 Qc4 36. d7 Qe6+ 37. g4 Rc1 38. dxe8=Q+ Qxe8 39.
Rb8 1-0

[Event "Aktiv-Alliancen 2001"]
[Site "Taastrup"]
[Date "2001.01.27"]
[Round "4"]
[White "Al Saad, Mofid"]
[Black "Pedersen, Bent O"]
[Result "1/2-1/2"]
[WhiteElo "1515"]
[BlackElo "1696"]
[PlyCount "62"]
[EventDate "2001.??.??"]

1. c4 f5 2. g3 Nf6 3. Nc3 e6 4. Bg2 d5 5. d4 c6 6. Nf3 Bd6 7. O-O O-O 8. Ne5
Nbd7 9. Bf4 Ng4 10. Nd3 Bxf4 11. Nxf4 Ndf6 12. cxd5 exd5 13. e3 Ne4 14. Qe1
Ngf6 15. Nd3 b6 16. Rc1 Ba6 17. Ne5 Rc8 18. Ne2 Qd6 19. f3 Ng5 20. Rf2 Nf7 21.
f4 Ne4 22. Bxe4 fxe4 23. Rg2 c5 24. Ng4 Rc7 25. Nc3 b5 26. dxc5 Rxc5 27. Rd2 b4
28. Nxe4 Rxc1 29. Qxc1 Qg6 30. Nef2 Rc8 31. Qd1 Bb7 1/2-1/2

[Event "Aktiv-Alliancen 2001"]
[Site "Taastrup"]
[Date "2001.01.27"]
[Round "4"]
[White "Bekker Jensen, Dorte"]
[Black "Nielsen, Jens Holm"]
[Result "1-0"]
[WhiteElo "1217"]
[BlackElo "2071"]
[PlyCount "57"]
[EventDate "2001.??.??"]

1. d4 Nc6 2. c4 e5 3. d5 Nce7 4. Nc3 Ng6 5. a3 a5 6. g3 f5 7. e4 d6 8. Nge2 Be7
9. Qc2 fxe4 10. Nxe4 Bg4 11. Bg2 Qd7 12. O-O Nf6 13. N2c3 Nxe4 14. Bxe4 O-O 15.
Qd3 Bf5 16. Bxf5 Rxf5 17. Ne2 Raf8 18. f4 Bg5 19. g4 Rxf4 20. Bxf4 Nxf4 21.
Nxf4 Bxf4 22. Qe2 Qa4 23. Rad1 Qb3 24. Kh1 Rf6 25. Rf3 Qa4 26. Rh3 Qd7 27. Rg1
g5 28. Qc2 Be3 29. Rxe3 1-0

[Event "Aktiv-Alliancen 2001"]
[Site "Taastrup"]
[Date "2001.01.27"]
[Round "4"]
[White "Madhy, Nezar"]
[Black "Nielsen, Michael"]
[Result "0-1"]
[WhiteElo "1650"]
[BlackElo "1739"]
[PlyCount "73"]
[EventDate "2001.??.??"]

1. d4 Nf6 2. c4 c5 3. d5 b5 4. cxb5 a6 5. bxa6 g6 6. Nc3 Bxa6 7. e4 Bxf1 8.
Kxf1 d6 9. g4 Bg7 10. g5 Nfd7 11. h4 O-O 12. h5 Qb6 13. f4 c4 14. Qe2 Nc5 15.
Be3 Nbd7 16. hxg6 fxg6 17. Nf3 Rab8 18. Rh2 Qb4 19. Nd4 Bxd4 20. Bxd4 Rxf4+ 21.
Kg1 Nd3 22. Qe3 Rf7 23. Qh3 N7e5 24. Rf1 Rxf1+ 25. Kxf1 Rf8+ 26. Bf2 Rxf2+ 27.
Rxf2 Nxf2 28. Qe6+ Kf8 29. Kxf2 Qxb2+ 30. Ne2 Qxa2 31. Qc8+ Kg7 32. Ke3 Qb3+
33. Kf2 Qf3+ 34. Ke1 Qxe4 35. Qc7 Nf3+ 36. Kf2 Nxg5 37. Ng3 0-1

[Event "Aktiv-Alliancen 2001"]
[Site "Taastrup"]
[Date "2001.01.27"]
[Round "4"]
[White "Pedersen, Ole"]
[Black "Zyde, Fadmal"]
[Result "0-1"]
[WhiteElo "1459"]
[BlackElo "1700"]
[PlyCount "28"]
[EventDate "2001.??.??"]

1. c4 Nf6 2. e3 e5 3. g3 d5 4. b3 d4 5. exd4 Qxd4 6. Nc3 Ne4 7. Qf3 Bc5 8. Qxe4
Qxf2+ 9. Kd1 Qxf1+ 10. Qe1 Qxe1+ 11. Kxe1 Nc6 12. Nge2 Nb4 13. Kd1 Bf5 14. Rf1
Bc2+ 0-1

[Event "Aktiv-Alliancen 2001"]
[Site "Taastrup"]
[Date "2001.01.27"]
[Round "4"]
[White "Sandbech, Ted"]
[Black "Carlsen, Tonny"]
[Result "1/2-1/2"]
[WhiteElo "1691"]
[BlackElo "1443"]
[PlyCount "61"]
[EventDate "2001.??.??"]

1. Nf3 d5 2. d4 Bf5 3. c4 c6 4. a4 e6 5. Nc3 Nf6 6. Bg5 Nbd7 7. e3 Be7 8. cxd5
exd5 9. Be2 O-O 10. O-O Re8 11. Qb3 Qb6 12. Qxb6 axb6 13. Rfc1 Bd6 14. Nh4 Be6
15. f4 h6 16. Bxh6 Ng4 17. Bxg7 Kxg7 18. f5 Nxe3 19. fxe6 Rxe6 20. Bd3 Nf6 21.
Re1 Rae8 22. Re2 Bf4 23. Rae1 c5 24. Nb5 c4 25. Bb1 Neg4 26. Rxe6 Rxe6 27. Rxe6
fxe6 28. Nf3 Bc1 29. Nd6 Bxb2 30. Nxb7 Kf7 31. Nd6+ 1/2-1/2

[Event "Aktiv-Alliancen 2001"]
[Site "Taastrup"]
[Date "2001.01.27"]
[Round "4"]
[White "Foslund, Kasper"]
[Black "Tolstrup, Thomas"]
[Result "0-1"]
[WhiteElo "1381"]
[BlackElo "1948"]
[PlyCount "80"]
[EventDate "2001.??.??"]

1. e4 c5 2. Nf3 Nc6 3. d4 cxd4 4. Nxd4 g6 5. c3 Bg7 6. Be3 Nf6 7. f3 O-O 8. Be2
d5 9. Nxc6 bxc6 10. exd5 cxd5 11. O-O e5 12. Na3 Qa5 13. Nc2 Rd8 14. a4 Bf5 15.
Nb4 Rd6 16. Nd3 d4 17. cxd4 exd4 18. Bf4 Rdd8 19. Bd2 Qb6 20. a5 Qd6 21. Bf4
Qe7 22. Rc1 Nd5 23. Bd2 Ne3 24. Bxe3 dxe3 25. g4 Bxd3 26. Bxd3 Bxb2 27. Rc2 Bd4
28. Qe2 Rd7 29. Rfc1 Rad8 30. Bb5 Rd6 31. Rc7 Qh4 32. Rf1 Be5 33. Qa2 Rf6 34.
Rd7 Rxd7 35. Bxd7 Rd6 36. Be8 Qe7 37. Bb5 Rd2 38. Qc4 Bxh2+ 39. Kh1 Bc7 40. g5
Qxg5 0-1

[Event "Aktiv-Alliancen 2001"]
[Site "Taastrup"]
[Date "2001.01.27"]
[Round "4"]
[White "Holtzmann, Sonny"]
[Black "Rosenkilde, Alexander"]
[Result "1-0"]
[WhiteElo "1665"]
[BlackElo "1195"]
[PlyCount "91"]
[EventDate "2001.??.??"]

1. e4 c5 2. c3 Nf6 3. e5 Nd5 4. d4 cxd4 5. cxd4 e6 6. Bc4 Nb6 7. Bb3 Be7 8. Nf3
O-O 9. Nc3 f6 10. O-O fxe5 11. dxe5 d6 12. exd6 Qxd6 13. Qxd6 Bxd6 14. Nb5
Bxh2+ 15. Kxh2 Nc6 16. Nc7 Rb8 17. Nxe6 Bxe6 18. Bxe6+ Kh8 19. Bb3 Rf6 20. Be3
Rbf8 21. Rad1 Ne7 22. Bc5 Re8 23. Bxe7 Rh6+ 24. Kg1 Rh5 25. Rd8 Rxd8 26. Bxd8
h6 27. Bxb6 axb6 28. Re1 Rc5 29. Nd4 Rc8 30. Re7 Rc1+ 31. Kh2 Rc8 32. Ne6 Rg8
33. Rxb7 b5 34. Rxb5 Re8 35. Rb7 Rg8 36. a4 h5 37. Rd7 h4 38. Rd8 Rxd8 39. Nxd8
g5 40. a5 Kg7 41. a6 Kg6 42. a7 Kh5 43. a8=Q h3 44. Qf3+ g4 45. Qf5+ Kh4 46.
g3# 1-0

[Event "Aktiv-Alliancen 2001"]
[Site "Taastrup"]
[Date "2001.01.27"]
[Round "4"]
[White "Jacobsen, Jesper Howalt"]
[Black "Holst, Thorsten"]
[Result "0-1"]
[WhiteElo "1304"]
[BlackElo "1535"]
[PlyCount "58"]
[EventDate "2001.??.??"]

1. e4 c5 2. Nc3 d6 3. d3 g6 4. f4 Bg7 5. Bd2 Nc6 6. Nf3 a6 7. a3 b5 8. Rb1 Nf6
9. Be2 O-O 10. O-O Bb7 11. Na2 Qc7 12. b4 c4 13. Nh4 Rad8 14. Be3 cxd3 15. cxd3
Rc8 16. Qd2 Nd7 17. f5 Nd4 18. fxg6 fxg6 19. Rxf8+ Rxf8 20. Bd1 d5 21. Rc1 Qd8
22. exd5 Bxd5 23. Nc3 Bb7 24. Ne2 e5 25. g3 Qf6 26. Bc2 Nf3+ 27. Nxf3 Qxf3 28.
Bb3+ Kh8 29. Nc3 Qh1# 0-1

[Event "Aktiv-Alliancen 2001"]
[Site "Taastrup"]
[Date "2001.01.27"]
[Round "4"]
[White "Leopold, Claus Ulrich"]
[Black "Jensen, Jan Kargaard"]
[Result "0-1"]
[WhiteElo "1296"]
[BlackElo "1502"]
[PlyCount "42"]
[EventDate "2001.??.??"]

1. d4 Nf6 2. c4 g6 3. Nc3 d5 4. e3 Bg7 5. Nf3 O-O 6. h3 c5 7. Be2 Nc6 8. O-O
cxd4 9. exd4 a6 10. cxd5 Nxd5 11. Bc4 Nb6 12. d5 Nxc4 13. dxc6 bxc6 14. Qa4 Nd6
15. Be3 Rb8 16. Qxc6 Bb7 17. Bb6 Bxc6 18. Bxd8 Rfxd8 19. Rab1 Nc4 20. Rfe1 Bxf3
21. gxf3 Nd2 0-1

[Event "Aktiv-Alliancen 2001"]
[Site "Taastrup"]
[Date "2001.01.27"]
[Round "4"]
[White "Lauritsen, Martin Lee"]
[Black "Hau, Helge"]
[Result "0-1"]
[WhiteElo "1166"]
[BlackElo "1479"]
[PlyCount "106"]
[EventDate "2001.??.??"]

1. e4 e6 2. d4 d5 3. e5 c5 4. c3 Nc6 5. Nf3 a6 6. Be3 Qb6 7. b3 g6 8. Nbd2 cxd4
9. Nxd4 Nxe5 10. Be2 Qd8 11. O-O Bg7 12. f4 Nc6 13. Nxc6 bxc6 14. Qc2 Ne7 15.
Rad1 O-O 16. c4 Re8 17. Nf3 Bd7 18. c5 Nf5 19. Bd4 Bxd4+ 20. Nxd4 Ne3 21. Qc3
Nxd1 22. Rxd1 Qf6 23. g3 e5 24. Nf3 Qg7 25. Nxe5 Red8 26. Qa5 Be8 27. Bxa6 f6
28. Nd3 Rdb8 29. Nb4 Rxb4 30. Qxb4 Rxa6 31. Re1 Ra8 32. a4 Qd7 33. Qb6 Kf7 34.
a5 Qc8 35. b4 Ra6 36. f5 Rxb6 37. fxg6+ hxg6 38. cxb6 Bd7 39. Rc1 Qa6 40. Ra1
d4 41. Kf2 Bg4 42. Ra2 d3 43. Ke3 Be6 44. Ra3 Bc4 45. Rc3 Bb5 46. Kd2 Qb7 47.
Rc1 Qe7 48. Re1 Qxb4+ 49. Kd1 Ba4+ 50. Kc1 Qxe1+ 51. Kb2 Qb4+ 52. Ka2 Qb3+ 53.
Ka1 d2 0-1

[Event "Aktiv-Alliancen 2001"]
[Site "Taastrup"]
[Date "2001.01.27"]
[Round "4"]
[White "Thomsen, Viggo"]
[Black "Helleberg, Jorgen"]
[Result "1/2-1/2"]
[WhiteElo "1537"]
[BlackElo "1453"]
[PlyCount "112"]
[EventDate "2001.??.??"]

1. d4 d5 2. c4 e6 3. Nf3 Nf6 4. Nc3 Be7 5. Bf4 O-O 6. h3 c5 7. e3 dxc4 8. Bxc4
a6 9. O-O b5 10. Bd3 Bb7 11. Bc2 Nbd7 12. Re1 Re8 13. Ne5 Rc8 14. Rc1 cxd4 15.
Nxd7 Qxd7 16. exd4 Red8 17. Be5 Ba8 18. Qd3 g6 19. Qe3 Ne8 20. Ne2 Bf6 21. Qh6
Qe7 22. Bxf6 Qxf6 23. Qe3 Nd6 24. Qe5 Qe7 25. b3 Ne8 26. Nf4 Nf6 27. f3 Nd7 28.
Qe3 Nf6 29. Bb1 Qa7 30. Rxc8 Rxc8 31. Nxe6 Re8 32. Qg5 Nd5 33. Qg4 fxe6 34.
Rxe6 Rxe6 35. Qxe6+ Kg7 36. Qe5+ Kf8 37. Be4 Ne7 38. Bxa8 Qxa8 39. Qh8+ Ng8 40.
Qxh7 Qe8 41. Qh4 Kg7 42. d5 Qe3+ 43. Qf2 Qc1+ 44. Kh2 Qc7+ 45. g3 Qe5 46. Qa7+
Kh8 47. h4 Qxd5 48. Qxa6 Qd2+ 49. Kh3 Qd7+ 50. g4 Kh7 51. Qa8 Qd3 52. Qb7+ Kh8
53. Qc6 Qf1+ 54. Kg3 Qe1+ 55. Kf4 Qd2+ 56. Kg3 Qe1+ 1/2-1/2

[Event "Aktiv-Alliancen 2001"]
[Site "Taastrup"]
[Date "2001.01.27"]
[Round "4"]
[White "Hansen, Alexei"]
[Black "Nikolaisen, Oluf"]
[Result "1-0"]
[WhiteElo "1095"]
[BlackElo "1311"]
[PlyCount "81"]
[EventDate "2001.??.??"]

1. e4 Nc6 2. Nf3 e5 3. Bb5 d6 4. Nc3 a6 5. Ba4 Bg4 6. d3 h6 7. O-O Nf6 8. Qe2
b5 9. Bb3 Nd4 10. Qe3 Bxf3 11. gxf3 Nh5 12. Kh1 c6 13. Ne2 Nxe2 14. Qxe2 Qf6
15. Be3 Nf4 16. Bxf4 Qxf4 17. Qe3 Qf6 18. Rg1 g6 19. Rg3 h5 20. Qb6 h4 21.
Qxc6+ Ke7 22. Qb7+ Kd8 23. Qxa8+ Kc7 24. Qa7+ Kd8 25. Qb6+ Ke7 26. Qc7+ Ke8 27.
Rh3 Be7 28. Qc8+ Bd8 29. Qxa6 Qe7 30. Qxb5+ Kf8 31. Qd5 Qd7 32. Rg1 Rh6 33. Rg4
g5 34. a4 Re6 35. a5 Qa7 36. Qc6 Rf6 37. Kg2 d5 38. Qxd5 Bxa5 39. Qxe5 Be1 40.
d4 Bd2 41. Qxf6 1-0

[Event "Aktiv-Alliancen 2001"]
[Site "Taastrup"]
[Date "2001.01.27"]
[Round "4"]
[White "Nielsen, Richard Hjort"]
[Black "Skjoldan, Benjamin"]
[Result "1-0"]
[WhiteElo "1453"]
[BlackElo "1677"]
[PlyCount "81"]
[EventDate "2001.??.??"]

1. Nf3 d5 2. d4 Nf6 3. g3 e6 4. Bg2 c5 5. e3 Nc6 6. Nc3 Be7 7. Bd2 Bd7 8. O-O
a6 9. a4 O-O 10. dxc5 Bxc5 11. Ne2 Rc8 12. Bc3 Ne4 13. Bd4 Nxd4 14. Nfxd4 Nd6
15. b3 Bb4 16. Qd3 Qa5 17. Nf3 f6 18. Bh3 Bc3 19. Rab1 b5 20. axb5 f5 21. bxa6
Bb5 22. Qd1 Qxa6 23. Nxc3 Rxc3 24. Ra1 Qc6 25. Ne5 Qc7 26. Re1 Ne4 27. Qd4 Rxc2
28. Ra7 Qc3 29. Qxc3 Rxc3 30. Rea1 Rxb3 31. Ra8 Rb2 32. Rxf8+ Kxf8 33. f3 Ng5
34. Bf1 Bxf1 35. Kxf1 Rxh2 36. Ra8+ Ke7 37. f4 Ne4 38. Ra7+ Kd6 39. Rxg7 Rh1+
40. Kg2 Rh6 41. Nf7+ 1-0

[Event "Aktiv-Alliancen 2001"]
[Site "Taastrup"]
[Date "2001.01.27"]
[Round "4"]
[White "Madsen, Ole Bang"]
[Black "Christensen, Aage Niels"]
[Result "0-1"]
[WhiteElo "1413"]
[BlackElo "1466"]
[PlyCount "50"]
[EventDate "2001.??.??"]

1. e4 e5 2. Nf3 Nc6 3. d4 exd4 4. Bc4 Bb4+ 5. Bd2 Qe7 6. O-O Nf6 7. e5 Ne4 8.
Bxb4 Nxb4 9. Nxd4 O-O 10. c3 d5 11. exd6 Nxd6 12. Re1 Qf6 13. Bb3 c5 14. Nf3
Nc6 15. Nbd2 Bg4 16. Qb1 Rfe8 17. Bd5 Rxe1+ 18. Nxe1 Ne5 19. Ne4 Nxe4 20. Bxe4
Rd8 21. f3 Rd2 22. Bxh7+ Kh8 23. Be4 Qh4 24. fxg4 Qf2+ 25. Kh1 Qf1# 0-1

[Event "Aktiv-Alliancen 2001"]
[Site "Taastrup"]
[Date "2001.01.27"]
[Round "5"]
[White "Lund, Silas"]
[Black "Nilsson, Nils Specht"]
[Result "1-0"]
[WhiteElo "2261"]
[BlackElo "2214"]
[PlyCount "99"]
[EventDate "2001.??.??"]

1. c4 f5 2. Nc3 Nf6 3. d4 e6 4. g3 Bb4 5. Bg2 c5 6. a3 Bxc3+ 7. bxc3 Nc6 8. Nf3
Ne4 9. Qd3 Qa5 10. d5 Ne7 11. Nd2 exd5 12. cxd5 Qxc3 13. Qxc3 Nxc3 14. Bb2
Ncxd5 15. Bxg7 Rg8 16. Be5 Nb6 17. a4 Nc6 18. Bd6 Rg6 19. Bxc5 d6 20. Be3 Be6
21. Rb1 O-O-O 22. Bxb6 axb6 23. Bxc6 bxc6 24. Rxb6 Kc7 25. Rb4 Rg4 26. f4 Ra8
27. Kf2 c5 28. Rc1 Bd7 29. e4 Bc6 30. Rbc4 fxe4 31. Nxe4 Bd5 32. Rd4 Bc6 33.
Rdc4 Rxa4 34. Rxa4 Bxa4 35. Ng5 Bd7 36. Kf3 Kc6 37. h3 Rxg5 38. fxg5 d5 39. h4
d4 40. h5 Be8 41. g6 h6 42. Re1 Kd7 43. Re5 d3 44. Ke3 c4 45. Kd2 Kd8 46. Kc3
Kd7 47. Kxc4 d2 48. Rd5+ Ke7 49. Rxd2 Bc6 50. Rf2 1-0

[Event "Aktiv-Alliancen 2001"]
[Site "Taastrup"]
[Date "2001.01.27"]
[Round "5"]
[White "Theander, Stig"]
[Black "Pallesen, Jacob"]
[Result "0-1"]
[WhiteElo "1564"]
[BlackElo "2108"]
[PlyCount "82"]
[EventDate "2001.??.??"]

1. e4 c5 2. Nf3 e6 3. d4 cxd4 4. Nxd4 Nc6 5. Be3 a6 6. g3 Qc7 7. Bg2 Nf6 8. O-O
Be7 9. Qe2 O-O 10. f4 d6 11. g4 Nxd4 12. Bxd4 e5 13. Bc3 Bxg4 14. Bf3 Bd7 15.
Kh1 Bb5 16. Qg2 Bxf1 17. Qxf1 exf4 18. Qg2 Ne8 19. Nd2 Bf6 20. e5 Bxe5 21. Bxb7
Rb8 22. Be4 Bxc3 23. Qh3 Nf6 24. bxc3 Nxe4 25. Nxe4 f5 26. Ng5 Qc6+ 27. Qf3
Qxf3+ 28. Nxf3 Rfc8 29. Nd4 Rxc3 30. Kg2 Rb4 31. Nxf5 Rxc2+ 32. Kf3 Rxh2 33.
Rc1 Rxa2 34. Rc7 h5 35. Nh6+ gxh6 36. Rg7+ Kf8 37. Rf7+ Ke8 38. Re7+ Kd8 39.
Rd7+ Kc8 40. Rc7+ Kb8 41. Rc8+ Ka7 0-1

[Event "Aktiv-Alliancen 2001"]
[Site "Taastrup"]
[Date "2001.01.27"]
[Round "5"]
[White "Nielsen, Borge Hjerrild"]
[Black "Bekker Jensen, Dorte"]
[Result "1-0"]
[WhiteElo "2125"]
[BlackElo "1217"]
[PlyCount "85"]
[EventDate "2001.??.??"]

1. d4 Nf6 2. c4 g6 3. Nf3 Bg7 4. g3 d6 5. Bg2 O-O 6. O-O Na6 7. b3 c5 8. Bb2
Bd7 9. Nc3 Rc8 10. h3 h5 11. e4 Re8 12. Qd2 e5 13. dxe5 dxe5 14. Rfd1 Nb4 15.
Ne1 Kh7 16. Nd3 Nxd3 17. Qxd3 Be6 18. Qc2 Nd7 19. Rd2 Rc6 20. Rad1 Qc8 21. Nb5
Qb8 22. Rxd7 Bxd7 23. Rxd7 Kg8 24. Qd2 a6 25. Qd5 Rf8 26. Nc3 Rc7 27. Rxc7 Qxc7
28. Qd3 Bh6 29. Nd5 Qd6 30. Qc3 Bg7 31. f4 f6 32. f5 gxf5 33. exf5 Qd7 34. Qe3
Qd6 35. Bc3 Rf7 36. Ba5 Kh7 37. Qf3 Kh6 38. Bd2+ Kh7 39. Qxh5+ Kg8 40. Qg6 Qd7
41. Bh6 Qd6 42. Bxg7 Rxg7 43. Nxf6+ 1-0

[Event "Aktiv-Alliancen 2001"]
[Site "Taastrup"]
[Date "2001.01.27"]
[Round "5"]
[White "Karlsen, Arne"]
[Black "Nielsen, John Holm"]
[Result "1/2-1/2"]
[WhiteElo "2017"]
[BlackElo "1947"]
[PlyCount "130"]
[EventDate "2001.??.??"]

1. e4 e5 2. Nc3 Nf6 3. Nf3 Nc6 4. Bb5 Bc5 5. O-O d6 6. d4 exd4 7. Nxd4 Bd7 8.
Nb3 Bb6 9. Bg5 h6 10. Bh4 g5 11. Bg3 Qe7 12. a4 a6 13. Bxc6 Bxc6 14. Nd5 Bxd5
15. exd5 O-O-O 16. Re1 Qf8 17. Qf3 Nd7 18. Qf5 Re8 19. Kh1 Qg7 20. Nd2 Qf6 21.
Qg4 Qd4 22. Qxd4 Bxd4 23. Nc4 f5 24. Bxd6 Rxe1+ 25. Rxe1 cxd6 26. Nxd6+ Kc7 27.
Nxf5 Bxf2 28. Re6 Rf8 29. Nxh6 Rf6 30. Ng4 Rf4 31. h3 Bg3 32. Kg1 Rxa4 33. Kf1
Nc5 34. Re3 Ra1+ 35. Ke2 Re1+ 36. Kf3 Rxe3+ 37. Nxe3 Bf4 38. g3 Bxe3 39. Kxe3
Kd6 40. Kd4 Nd7 41. c4 b5 42. h4 g4 43. cxb5 axb5 44. Ke4 Nf6+ 45. Kf5 Nxd5 46.
h5 Ke7 47. Kxg4 Kf6 48. Kf3 Kf5 49. g4+ Ke5 50. g5 Ne7 51. Ke3 Nd5+ 52. Kd2 Nf4
53. h6 Kd4 54. Kc2 b4 55. Kb3 Kc5 56. Ka4 Kc4 57. b3+ Kc3 58. Kb5 Kxb3 59. Kc5
Ka3 60. Kd4 Ne6+ 61. Ke5 Nxg5 62. Kf6 Nh7+ 63. Kg7 Ng5 64. Kg6 b3 65. Kxg5 b2
1/2-1/2

[Event "Aktiv-Alliancen 2001"]
[Site "Taastrup"]
[Date "2001.01.27"]
[Round "5"]
[White "Auchenberg, Per"]
[Black "Schmidt, Horst Hubert"]
[Result "0-1"]
[WhiteElo "1834"]
[BlackElo "2025"]
[PlyCount "90"]
[EventDate "2001.??.??"]

1. f4 Nf6 2. Nf3 d5 3. b3 e6 4. Bb2 Be7 5. e3 c5 6. Bb5+ Bd7 7. Bxd7+ Nbxd7 8.
Qe2 Qb6 9. O-O O-O 10. d3 Rac8 11. Nbd2 Rfd8 12. c4 Qc7 13. g3 Bd6 14. e4 dxe4
15. dxe4 e5 16. f5 Nb8 17. Rfe1 Nc6 18. Nf1 Nd4 19. Qg2 Qc6 20. Nh4 Be7 21.
Rac1 Ne8 22. Ne3 Bg5 23. Nd5 Rd7 24. Rcd1 Rcd8 25. Nf3 Bf6 26. g4 h6 27. Rd3 b5
28. Rc1 bxc4 29. Rxc4 Nd6 30. Nxd4 exd4 31. Rd1 Nxc4 32. bxc4 Bg5 33. e5 Qa6
34. Qc2 Rb7 35. Bc1 Bxc1 36. Rxc1 Qa3 37. Re1 Rb2 38. Qe4 Qh3 39. Re2 Rxe2 40.
Qxe2 Rb8 41. e6 Rb1+ 42. Kf2 Qxh2+ 43. Kf3 Qh1+ 44. Kf4 Re1 45. Ne7+ Kf8 0-1

[Event "Aktiv-Alliancen 2001"]
[Site "Taastrup"]
[Date "2001.01.27"]
[Round "5"]
[White "Pedersen, Bent O"]
[Black "Petersen, Nils"]
[Result "1/2-1/2"]
[WhiteElo "1696"]
[BlackElo "2039"]
[PlyCount "97"]
[EventDate "2001.??.??"]

1. e4 c5 2. Nf3 Nc6 3. d4 cxd4 4. Nxd4 e5 5. Nb5 d6 6. N5c3 Be6 7. Nd5 Nf6 8.
Nbc3 Be7 9. Be2 O-O 10. Be3 Bxd5 11. exd5 Nb8 12. O-O Nbd7 13. Bf3 b6 14. Qd2
a5 15. a4 Nc5 16. Rfd1 Nfd7 17. Be2 f5 18. f3 f4 19. Bf2 Bh4 20. Bb5 Bxf2+ 21.
Qxf2 Qe7 22. Qe2 Rf6 23. Bc6 Raf8 24. Qb5 Qd8 25. Re1 Rh6 26. Bxd7 Nxd7 27. Ne4
Qc7 28. Qe2 Rc8 29. Rac1 Nf6 30. c4 Nxe4 31. Qxe4 Rf6 32. Qc2 Qc5+ 33. Qf2 Qb4
34. Qc2 Rf7 35. b3 g6 36. Qc3 Qc5+ 37. Kf1 Rfc7 38. Qd3 Rf7 39. Re2 Rf5 40.
Rec2 Rh5 41. h3 Rf8 42. Qe2 Re8 43. Qf2 e4 44. fxe4 Rxe4 45. Qxc5 bxc5 46. Re1
Rhe5 47. Rxe4 Rxe4 48. Re2 Rxe2 49. Kxe2 1/2-1/2

[Event "Aktiv-Alliancen 2001"]
[Site "Taastrup"]
[Date "2001.01.27"]
[Round "5"]
[White "Nielsen, Michael"]
[Black "Moller, Arne Vagn"]
[Result "1-0"]
[WhiteElo "1739"]
[BlackElo "2026"]
[PlyCount "57"]
[EventDate "2001.??.??"]

1. e4 c5 2. d4 cxd4 3. c3 dxc3 4. Nxc3 d6 5. Bc4 a6 6. Nf3 e6 7. O-O Be7 8. Qe2
Nc6 9. Rd1 Qc7 10. Bf4 b5 11. Bb3 Bb7 12. e5 Nxe5 13. Nxe5 dxe5 14. Bxe5 Qc6
15. Nd5 Nf6 16. Rac1 Bc5 17. Bd6 Qxd6 18. Nxf6+ gxf6 19. Rxd6 Bxd6 20. Bxe6 Kf8
21. Qd2 Rd8 22. Qh6+ Ke7 23. Bb3 Rhg8 24. g3 Be4 25. Qe3 f5 26. f3 Bxg3 27.
hxg3 Rxg3+ 28. Kh2 Rxf3 29. Rc7+ 1-0